Statistics for Brawl Stars: Gadgets

Click here to take the quiz!

General Stats

  • This quiz has been taken 7 times
    (6 since last reset)
  • The average score is 25 of 114

Answer Stats

BrawlerGadget% Correct
ShellyClay Pigeons
83%
DynamikeFidget Spinner
67%
El PrimoAsteroid Belt
50%
NitaBear Paws
50%
RicoBouncy Castle
50%
ShellyFast Forward
50%
PiperHomemade Recipe
50%
TickLast Hurrah
50%
ColtSilver Bullet
50%
BullStomper
50%
BullT-Bone Injector
50%
EmzAcid Spray
33%
PiperAuto Aimer
33%
JanetBackstage Pass
33%
StuBreakthrough
33%
8-BitExtra Credits
33%
NitaFaux Fur
33%
EmzFriendzoner
33%
EdgarHardcore
33%
EdgarLet’s Fly
33%
TickMine Mania
33%
JessieRecoil Spring
33%
NaniReturn to Sender
33%
BrockRocket Fuel
33%
BrockRocket Laces
33%
DynamikeSatchel Charge
33%
ColtSpeedloader
33%
StuSpeed Zone
33%
BarleySticky Syrup Mixer
33%
BoSuper Totem
33%
DarrylTar Barrel
33%
BoTripwire
33%
SqueakWindup
33%
FrankActive Noise Cancelling
17%
ByronBooster Shots
17%
8-BitCheat Cartridge
17%
AshChill Pill
17%
LeonClone Projector
17%
MortisCombo Spinner
17%
FangCorn Fu
17%
BonnieCrash Test
17%
LouCryo Syrup
17%
CrowDefense Booster
17%
OtisDormant Star
17%
JanetDrop the Bass
17%
BibiExtra Sticky
17%
CarlFlying Hook
17%
LolaFreeze Frame
17%
SproutGarden Mulcher
17%
ColetteGotcha!
17%
EveGotta Go!
17%
RosaGrow Light
17%
CarlHeat Ejector
17%
BarleyHerbal Tonic
17%
BeaHoney Molasses
17%
LouIce Block
17%
FrankIrresistible Attraction
17%
GeneLamp Blowout
17%
SpikeLife Plant
17%
RicoMulti-Ball Launcher
17%
ColetteNa-Ah!
17%
BelleNest Egg
17%
MaxPhase Shifter
17%
OtisPhat Splatter
17%
GriffPiggy Bank
17%
JackyPneumatic Booster
17%
SpikePopping Pincushion
17%
Mr. PPorter Reinforcements
17%
SurgePower Shield
17%
SurgePower Surge
17%
PocoProtective Tunes
17%
PamPulse Modulator
17%
GromRadio Check
17%
BeaRattled Hive
17%
JackyRebuild
17%
DarrylRecoiling Rotator
17%
BuzzReserve Buoy
17%
SqueakResidue
17%
BelleReverse Polarity
17%
AshRotten Banana
17%
FangRoundhouse Kick
17%
PennySalty Barrel
17%
PamScrapsucker
17%
ByronShot in the Arm
17%
SandySleep Stimulator
17%
CrowSlowing Toxin
17%
JessieSpark Plug
17%
GaleSpring Ejector
17%
LolaStunt Double
17%
BonnieSugar Rush
17%
El PrimoSuplex Supplement
17%
TaraSupport From Beyond
17%
MortisSurvival Shovel
17%
Colonel RuffsTake Cover!
17%
SproutTransplant
17%
PennyTrusty Spyglass
17%
PocoTuning Fork
17%
GaleTwister
17%
RosaUnfriendly Bushes
17%
GeneVengeful Spirits
17%
BibiVitamin Booster
17%
NaniWarp Blast
17%
GromWatchtower
17%
Colonel RuffsAir Strike
0%
AmberDancing Flames
0%
AmberFire Starters
0%
MegJolting Volts
0%
EveMotherly Love
0%
TaraPsychic Enhancer
0%
Mr. PService Bell
0%
MaxSneaky Sneakers
0%
SandySweet Dreams
0%
MegToolbox
0%

Score Distribution

Percentile by Number Answered

Percent of People with Each Score

Your Score History

You have not taken this quiz since the last reset